000 00693nam a2200205 a 4500
001 000033785
005 20200930070521.0
008 091012s1900 dr 001 0 spa d
040 _aDO-SdBNP
_bspa
_cBNPHU
082 _a972.93
_bG216c,
100 1 _aGarcía, José Gabriel,
_d1834-1910
_926153
245 1 0 _aCompendio de la historia de Santo Domingo /
_cJosé Gabriel García.
250 _a3a ed. aumentada y corr.
260 _aSanto Domingo :
_bAhora,
_c1900.
300 _av. ;
_c21 cm.
500 _aLa biblioteca posee el v. 1-3
651 4 _aRepública Dominicana
_xHistoria
_9170
651 4 _aIsla Española (Haití Y República Dominicana{Rpara}
_xHistoria
_938883
049 _aBNPD
999 _c33276
_d33276